Statistics for 100 most dangerous countries

Click here to take the quiz!

General Stats

  • This quiz has been taken 105 times
    (46 since last reset)
  • The average score is 70 of 103

Answer Stats

most dangerous countriesAnswer% Correct
1afghanistan
92%
78dominican republic
88%
27egypt
88%
17lebanon
88%
23mexico
88%
37niger
88%
14north korea
88%
82peru
88%
10russia
88%
7somalia
88%
5syria
88%
13turkey
88%
4yemen
88%
66belarus
84%
46brazil
84%
57china
84%
40honduras
84%
18israel
84%
9Libya
84%
73morocco
84%
bonussenegal
84%
36south africa
84%
8Ukraine
84%
20venezuela
84%
52algeria
80%
45armenia
80%
26chad
80%
72cuba
80%
67gabon
80%
64georgia
80%
22india
80%
2iraq
80%
56ivory coast
80%
84jordan
80%
44kenya
80%
19mali
80%
88nepal
80%
6south sudan
80%
80tunisia
80%
47turkmenistan
80%
31usa
80%
62uzbekistan
80%
90benin
76%
75cambodia
76%
21colombia
76%
42congo
76%
50Haiti
76%
79jamaica
76%
16nigeria
76%
93oman
76%
12pakistan
76%
34saudi arabia
76%
15sudan
76%
55thailand
76%
32zimbabwe
76%
35azerbaijan
72%
77bolivia
72%
24cameroon
72%
91ecuador
72%
49el salvador
72%
48guatemala
72%
25iran
72%
98kazakhstan
72%
41mauritania
72%
94moldova
72%
bonusmongolia
72%
92Rwanda
72%
58tajikistan
72%
100the gambia
72%
76Togo
72%
53uganda
72%
83angola
68%
87argentina
68%
63bangladesh
68%
59burkina faso
68%
54djibouti
68%
30eritrea
68%
33ethiopia
68%
60lesotho
68%
69mozambique
68%
38myanmar
68%
74paraguay
68%
28burundi
64%
68kyrgyzstan
64%
99greece
60%
71guyana
60%
29philippines
60%
39bahrain
56%
96north macedonia
56%
97cyprus
48%
bonusThe Bahamas
44%
11DRC
40%
70trinidad and tobago
40%
95montenegro
36%
81bosnia hersgovnia
0%
3central africa republic
0%
85equatorial guniea
0%
86eswantini
0%
61guniea
0%
51guniea-bissua
0%
43nicarague
0%
65papua new guniea
0%
89sir lanka
0%

Score Distribution

Percentile by Number Answered

Percent of People with Each Score

Your Score History

You have not taken this quiz since the last reset